DR SS RANDHAWA (Record no. 60666)

MARC details
000 -LEADER
fixed length control field 00417nam a2200169Ia 4500
008 - FIXED-LENGTH DATA ELEMENTS--GENERAL INFORMATION
fixed length control field 221001s9999 xx 000 0 und d
020 ## - INTERNATIONAL STANDARD BOOK NUMBER
International Standard Book Number 9781543346503
041 ## - LANGUAGE CODE
Language code of text/sound track or separate title eng
082 ## - DEWEY DECIMAL CLASSIFICATION NUMBER
Classification number 612.015
100 ## - MAIN ENTRY--PERSONAL NAME
Personal name TEXTBOOK OF APPLIED BIOCHEMISTRY
9 (RLIN) 96253
245 ## - TITLE STATEMENT
Title DR SS RANDHAWA
250 ## - EDITION STATEMENT
Edition statement FIRST
260 ## - PUBLICATION, DISTRIBUTION, ETC. (IMPRINT)
Place of publication, distribution, etc. JALANDHAR
Name of publisher, distributor, etc. PV PUBLICATION
Date of publication, distribution, etc. 2022
300 ## - PHYSICAL DESCRIPTION
Extent 257
500 ## - GENERAL NOTE
Keywords BIOCHEMISTRY
650 ## - SUBJECT ADDED ENTRY--TOPICAL TERM
Topical term or geographic name as entry element BIOCHEMISTRY
Holdings
Withdrawn status Lost status Damaged status Not for loan Home library Current library Date acquired Cost, normal purchase price Total Checkouts Total Renewals Full call number Barcode Date last seen Date last checked out Bill Date Koha item type Original Barcode
        Sitabai Nargundkar College of Nursing Nagpur Sitabai Nargundkar College of Nursing Nagpur 08/01/2022 375.00 6 2 612.015 SNCN-DB-92 15/05/2026 03/03/2025 01/10/2022 Donated Book 92